000 00966nam a2200229Ia 4500
001 246.5-GHA ge ic (12092)
003 IT-MiSPE
008 171229s9999||||xx |||||||||||||| ||und||
040 _aIT-MiSPE
_cIT-MiSPE
041 _aITALIANO
100 _aGeorges Gharib
245 0 _aIcone di santi
_bStoria e culto
250 _a1a ed. (v)
260 _aRoma
_bCittà Nuova
_c1990
300 _a282 p.
_c24 cm
500 _aSanti - Arte
501 _aEdizioni San Paolo srl - Piazza Soncino, 5 - 20092 CINISELLO BALSAMO (MI) (non commercial uses only) ® Copyright 2018
520 _aTav.
942 _cBK
957 _71
999 _a11456
_bNO
_g Copie: 1
_c342440
_d342440